000 01037nam a2200289 4500
001 177404
003 ES-MaACL
005 20230907130220.0
008 110321s2009 sp a b |||| | spa d
017 _aBI-2461-09
080 _a37(460)(049.3)
245 0 3 _aEl sistema educativo /
_c[coordinador, Jesús Jiménez].
260 _aBarcelona :
_bWolters Kluwer España,
_c[2009]
300 _a215 p. :
_bil. ;
_c24 cm.
490 1 _aCuadernos de pedagogía
490 1 _aBiblioteca básica para el profesorado ;
_v13
500 _aÍndices.
504 _aReferencias bibliográficas.
650 7 _aEnseñanza-
_zEspaña-
_vReseñas bibliográficas.
_9145778
700 1 _aJiménez Sánchez, Jesús.
_9145779
830 0 _aCuadernos de pedagogía
_9187408
830 0 _aBiblioteca básica para el profesorado ;
_v13
_9186837
852 _aES-MaACL
_9184222
_bR.145562
_jA-11060
_dOlim:N-4064
_cDEPO1
_xDonación: Editorial
942 _2udc
_cMONOGRAFIA
999 _c177404
_d177404